Veřejná správa
Guardado en:
| Autor principal: | |
|---|---|
| Otros Autores: | |
| Formato: | Libro |
| Lenguaje: | checo |
| Publicado: |
Praha
C.H. BECK
2002
|
| Colección: | Beckovy mezioborové učebnice
|
| Materias: | |
| Etiquetas: |
Sin Etiquetas, Sea el primero en etiquetar este registro!
|
MARC
| LEADER | 00000nam a2200000 4500 | ||
|---|---|---|---|
| 001 | c142558 | ||
| 005 | 20221124093217.4 | ||
| 020 | |a 80-7179-748-0 | ||
| 041 | 0 | |a cze | |
| 044 | |a CZ | ||
| 245 | 1 | 0 | |a Veřejná správa |c Richard Pomahač, Olga Vidláková |
| 264 | 1 | |a Praha |b C.H. BECK |c 2002 | |
| 300 | |a 278 s. | ||
| 490 | 1 | |a Beckovy mezioborové učebnice | |
| 830 | 0 | |a Beckovy mezioborové učebnice | |
| 610 | 2 | 0 | |a správa verejná |
| 610 | 2 | 0 | |a práca s ľuďmi |
| 610 | 2 | 0 | |a modely |
| 610 | 2 | 0 | |a inštitúcia |
| 610 | 2 | 0 | |a štruktúra organizačná |
| 610 | 2 | 0 | |a právo |
| 610 | 2 | 0 | |a technológia |
| 610 | 2 | 0 | |a politika |
| 610 | 2 | 0 | |a reformy |
| 610 | 2 | 0 | |a služba štátna |
| 610 | 2 | 0 | |a Európa |
| 100 | 1 | |a Pomahač, Richard | |
| 700 | 1 | |a Vidláková, Olga | |